Number Chain - Statistics

General Stats
  • This quiz has been taken 16 times
  • The average score is 15 of 20
Answer Stats
Hint Number % Correct
Considered unlucky to some, especially in Europe 13
92%
If you bought 6 boxes of pizza with 8 slices, you'd have this many slices 48
92%
5 dozens 60
92%
The smallest number to be both a perfect square and a perfect cube 64
92%
Euphemism for intercourse 69
92%
The age of Queen Elizabeth II when she died 96
92%
James Bond's number 007
85%
The number of ounces in a pound 16
85%
15 squared 225
85%
18 squared 324
85%
The meaning of life, as claimed by The Hitchhiker's Guide to the Galaxy 42
85%
Americans might dial this number in an emergency 911
85%
The largest two-digit prime number 97
85%
Total countries in the world, according to JetPunk 196
69%
The only two-digit perfect square that ends in 9 49
69%
Appears in the name of a Pennsylvania national basketball team 76
69%
If a football team score 8 seven-point touchdowns and 5 field goals, their score would be this 71
62%
Tommy Tutone song about a specific phone number 8675309
46%
You might see this number when you get a gateway timeout error 504
38%
Australia's international calling code 61
31%
No matching quizzes found
Score Distribution
Percent of People with Each Score
Percentile by Number Answered
Your Score History
You have not taken this quiz